000
00367nam a2200133Ia 4500
008
151001s9999||||xx |||||||||||||| ||und||
100
_a
गो. ना. दातार
245
_a
विलासमंदीर
250
_a
4
260
_b
श्रीराम प्रकाशन पुणे
260
_c
1992
300
_a
480
365
_b
22
999
_c
971365
_d
971362